| 000 | 00522nam a2200169Ia 4500 | ||
|---|---|---|---|
| 999 |
_c20157 _d20157 |
||
| 003 | OSt | ||
| 005 | 20211120123600.0 | ||
| 008 | 190216s9999||||xx |||||||||||||| ||und|| | ||
| 040 | _coclc | ||
| 082 |
_a954.83 _bMEN/C |
||
| 100 |
_aMenon, P Padmanabha _93327 |
||
| 245 | 0 |
_aCochi Rajyacharithram / _cP Padmanabha Menon |
|
| 260 |
_bThe Mathrubhumi Printing And Publishers, _c1989. _aKozhikode: |
||
| 300 | _a855p | ||
| 650 | _aCochi Rajacharithram | ||
| 942 |
_cBK _2ddc _h954.83 _iMEN/C _k954.83 _mMEN/C |
||